000 00311nam a22001337a 4500
003 SGT
082 _a370
_bR14T
100 _aTYAGI, POOJA
245 _aRECENT TRENDS IN TRANSCTIONAL MODE OF TEACHER EDUCATION:ICT
260 _aNEW DELHI
_bOMEGA
_c2014
300 _a136
650 _aEDUCATION
942 _2ddc
_cBK
999 _c11681
_d11681